[Event "BCF-chT3N 1920 (4NCL)"]
[Site "England"]
[Date "2020.02.09"]
[Round "6.201"]
[White "Trueman, Glenn"]
[Black "Rutter, Nicholas J"]
[Result "0-1"]
[WhiteElo "1900"]
[BlackElo "2222"]
[PlyCount "62"]
[EventDate "2019.11.09"]
[EventType "team-swiss"]
[EventRounds "11"]
[EventCountry "ENG"]
[SourceTitle "EXT 2022"]
[Source "ChessBase"]
[SourceDate "2021.10.06"]
[SourceVersion "1"]
[SourceVersionDate "2021.10.06"]
[SourceQuality "1"]
[WhiteTeam "Manchester Manticores III"]
[BlackTeam "Shropshire"]
[WhiteTeamCountry "ENG"]
[BlackTeamCountry "ENG"]

1. d4 d5 2. c4 e6 3. Nf3 c6 4. e3 Nf6 5. Bd3 dxc4 6. Bxc4 b5 7. Be2 Bb7 8. 0-0 Nbd7 9. b3 a6 10. Bb2 Be7 11. Nbd2 0-0 12. Rc1 Rc8 13. Qc2 c5 14. Qb1 Re8 15. Rfd1 Qb6 16. dxc5 Bxc5 17. Bd4 e5 18. Bxc5 Rxc5 19. b4 Rxc1 20. Rxc1 Nd5 21. Qf5 N7f6 22. a3 Nxe3 23. fxe3 Qxe3+ 24. Kf1 Bxf3 25. gxf3 Qxd2 26. Rc8 Qd6 27. Qc2 g6 28. Rc6 Qe7 29. Rxa6 Nd5 30. Qc6 Ne3+ 31. Kf2 Qh4+ 0-1

[Event "BCF-chT3N 1920 (4NCL)"]
[Site "England"]
[Date "2020.01.11"]
[Round "3.23"]
[White "Bak, Andrew"]
[Black "Trueman, Glenn"]
[Result "1/2-1/2"]
[WhiteElo "1980"]
[BlackElo "1900"]
[PlyCount "34"]
[EventDate "2019.11.09"]
[EventType "team-swiss"]
[EventRounds "11"]
[EventCountry "ENG"]
[SourceTitle "EXT 2022"]
[Source "ChessBase"]
[SourceDate "2021.10.06"]
[SourceVersion "1"]
[SourceVersionDate "2021.10.06"]
[SourceQuality "1"]
[WhiteTeam "Bradford DCA Knights"]
[BlackTeam "Manchester Manticores III"]
[WhiteTeamCountry "ENG"]
[BlackTeamCountry "ENG"]

1. e4 c5 2. Nf3 d6 3. d4 cxd4 4. Nxd4 Nf6 5. Nc3 a6 6. Bg5 e6 7. f4 h6 8. Bh4 Qb6 9. Qd2 Qxb2 10. Rb1 Qa3 11. f5 Be7 12. fxe6 fxe6 13. Be2 0-0 14. 0-0 Nc6 15. Bf2 Qa5 16. Nxc6 bxc6 17. Bb6 Qe5 1/2-1/2

[Event "BCF-chT3N 1718 (4NCL)"]
[Site "England"]
[Date "2018.05.05"]
[Round "9.73"]
[White "Trueman, Glenn"]
[Black "Pocevicius, Dovydas"]
[Result "0-1"]
[WhiteElo "1908"]
[BlackElo "1654"]
[PlyCount "82"]
[EventDate "2017.11.11"]
[EventType "team-swiss"]
[EventRounds "11"]
[EventCountry "ENG"]
[SourceTitle "EXT 2020"]
[Source "ChessBase"]
[SourceDate "2019.10.17"]
[SourceVersion "1"]
[SourceVersionDate "2019.10.17"]
[SourceQuality "1"]
[WhiteTeam "Manchester Manticores II"]
[BlackTeam "Enniscorthy"]
[WhiteTeamCountry "ENG"]
[BlackTeamCountry "IRL"]

1. d4 Nf6 2. c4 g6 3. Nc3 Bg7 4. e4 d6 5. Be2 0-0 6. Nf3 Nbd7 7. 0-0 c6 8. h3 Re8 9. e5 dxe5 10. dxe5 Nh5 11. g4 Qc7 12. gxh5 Nxe5 13. Nxe5 Bxh3 14. Nd3 Rad8 15. Bf4 e5 16. Bg3 f5 17. Qc2 f4 18. Bh2 Qe7 19. Bf3 Qg5+ 20. Kh1 Bxf1 21. Rxf1 gxh5 22. Rg1 Qh6 23. Ne4 Re6 24. Rg5 h4 25. Ndc5 Re7 26. Nb3 h3 27. c5 Red7 28. Bg4 Rd3 29. Be2 R3d7 30. Rh5 Qe6 31. Bc4 Rd5 32. Ng5 Qg4 33. Rxh3 Qxg5 34. Rd3 e4 35. Rh3 Qg4 36. Rxh7 Qf3+ 37. Kg1 Kxh7 38. Be2 Rd1+ 39. Bxd1 Rxd1+ 40. Qxd1 Qxd1+ 41. Kg2 Qg4+ 0-1

[Event "BCF-chT3N 1718 (4NCL)"]
[Site "England"]
[Date "2018.02.10"]
[Round "5.35"]
[White "Nicholson, Jim WR"]
[Black "Trueman, Glenn"]
[Result "1-0"]
[WhiteElo "1985"]
[BlackElo "1908"]
[PlyCount "67"]
[EventDate "2017.11.11"]
[EventType "team-swiss"]
[EventRounds "11"]
[EventCountry "ENG"]
[SourceTitle "EXT 2020"]
[Source "ChessBase"]
[SourceDate "2019.10.17"]
[SourceVersion "1"]
[SourceVersionDate "2019.10.17"]
[SourceQuality "1"]
[WhiteTeam "Bradford DCA Knights"]
[BlackTeam "Manchester Manticores II"]
[WhiteTeamCountry "ENG"]
[BlackTeamCountry "ENG"]

1. d4 c5 2. e3 Nf6 3. Nf3 g6 4. Bd3 Bg7 5. 0-0 0-0 6. Nbd2 cxd4 7. exd4 d5 8. Re1 Nc6 9. c3 Bf5 10. Nf1 Bxd3 11. Qxd3 Ne4 12. Bf4 e6 13. Qe3 Rc8 14. a4 Na5 15. Ng3 Nc4 16. Qe2 Nxg3 17. Bxg3 b6 18. h4 h5 19. Bf4 Re8 20. g3 Bf6 21. Ne5 Nxe5 22. dxe5 Be7 23. Be3 Bc5 24. Red1 Qc7 25. Bd4 a5 26. Qe3 Rb8 27. Kg2 Rec8 28. g4 hxg4 29. h5 Bf8 30. Rh1 Bg7 31. hxg6 f5 32. exf6 e5 33. fxg7 exd4 34. Qe6+ 1-0

[Event "BCF-chT3N 1718 (4NCL)"]
[Site "England"]
[Date "2018.01.14"]
[Round "4.84"]
[White "Baxter, Harold"]
[Black "Trueman, Glenn"]
[Result "1-0"]
[WhiteElo "1823"]
[BlackElo "1908"]
[PlyCount "53"]
[EventDate "2017.11.11"]
[EventType "team-swiss"]
[EventRounds "11"]
[EventCountry "ENG"]
[SourceTitle "EXT 2020"]
[Source "ChessBase"]
[SourceDate "2019.10.17"]
[SourceVersion "1"]
[SourceVersionDate "2019.10.17"]
[SourceQuality "1"]
[WhiteTeam "Bradford DCA Knights III"]
[BlackTeam "Manchester Manticores II"]
[WhiteTeamCountry "ENG"]
[BlackTeamCountry "ENG"]

1. Nf3 Nf6 2. g3 b6 3. Bg2 Bb7 4. 0-0 e6 5. d4 c5 6. e3 Be7 7. c4 d5 8. Ne5 0-0 9. Nc3 cxd4 10. exd4 Nbd7 11. cxd5 Nxd5 12. Nxd5 Bxd5 13. Bxd5 exd5 14. Nc6 Qc7 15. Nxe7+ Kh8 16. Bf4 Qb7 17. Nf5 Nf6 18. Be5 Qd7 19. Ne3 Ne4 20. f3 Ng5 21. g4 f6 22. Bg3 Rfe8 23. Qb3 Rad8 24. h4 Ne6 25. Qd3 Nf8 26. Rac1 Re7 27. Nf5 1-0

[Event "Bolton Easter op"]
[Site "Bolton"]
[Date "2017.04.16"]
[Round "5"]
[White "Surtees, Michael"]
[Black "Trueman, Glenn"]
[Result "1-0"]
[WhiteElo "2086"]
[BlackElo "1948"]
[PlyCount "98"]
[EventDate "2017.04.14"]
[EventType "swiss"]
[EventRounds "5"]
[EventCountry "ENG"]
[SourceTitle "CBM 178 Extra"]
[Source "ChessBase"]
[SourceDate "2017.06.22"]
[SourceVersion "1"]
[SourceVersionDate "2017.06.22"]
[SourceQuality "1"]

1. e4 c5 2. Nh3 Nf6 3. f3 d6 4. Nf2 g6 5. Na3 Bg7 6. c3 0-0 7. d4 cxd4 8. cxd4 d5 9. e5 Ne8 10. Be2 Nc6 11. Be3 Qa5+ 12. Kf1 Qb6 13. Qd2 Nc7 14. Kg1 Ne6 15. Rd1 Bd7 16. f4 f5 17. g4 Nc7 18. h4 Qb4 19. h5 Qxd2 20. Rxd2 Rfc8 21. Nb1 Ne8 22. Nc3 e6 23. hxg6 hxg6 24. gxf5 gxf5 25. Nh3 Nd8 26. Bh5 Nf7 27. Rg2 b5 28. Kh2 b4 29. Nd1 b3 30. axb3 Rab8 31. Rhg1 Rc7 32. Bd2 Rxb3 33. Bc3 Rbb7 34. Ndf2 Kf8 35. Nd3 Rc6 36. Nc5 Rxc5 37. dxc5 Bc6 38. Ng5 Nxg5 39. Rxg5 Bh6 40. Rg8+ Ke7 41. Kg3 d4 42. Bxe8 Bxe8 43. Bxd4 Rd7 44. Rd1 Bh5 45. Rd2 Kf7 46. Rh8 Kg7 47. Rc8 Kh7 48. Be3 Rg7+ 49. Kf2 Bg4 1-0

[Event "Bolton Easter op"]
[Site "Bolton"]
[Date "2017.04.14"]
[Round "1"]
[White "Trueman, Glenn"]
[Black "Kukov, Velislav"]
[Result "0-1"]
[WhiteElo "1948"]
[BlackElo "2380"]
[PlyCount "78"]
[EventDate "2017.04.14"]
[EventType "swiss"]
[EventRounds "5"]
[EventCountry "ENG"]
[SourceTitle "CBM 178 Extra"]
[Source "ChessBase"]
[SourceDate "2017.06.22"]
[SourceVersion "1"]
[SourceVersionDate "2017.06.22"]
[SourceQuality "1"]

1. Nf3 d5 2. d4 Nc6 3. g3 Bf5 4. Bg2 e6 5. 0-0 Nf6 6. c4 Be7 7. b3 0-0 8. Bb2 a5 9. cxd5 exd5 10. Nc3 Ne4 11. Nd2 Nxc3 12. Bxc3 Nb4 13. Bb2 Bc2 14. Qc1 Bg6 15. a3 Na6 16. Nf3 Be4 17. Qd2 c6 18. Bc3 Nb8 19. Ne5 Bxg2 20. Kxg2 a4 21. bxa4 Rxa4 22. Bb4 Nd7 23. Qc2 Ra6 24. Bxe7 Qxe7 25. Nxd7 Qxd7 26. Rfb1 Rfa8 27. Qb2 b5 28. Qb4 Ra4 29. Qc5 Rc4 30. Qb6 h5 31. Rc1 h4 32. h3 hxg3 33. Rxc4 dxc4 34. Kxg3 Qd6+ 35. Kg2 b4 36. a4 Rb8 37. Qa7 b3 38. e3 b2 39. Rb1 c3 0-1